<?xml version="1.0" encoding="UTF-8"?>
<record
    xmlns:xsi="http://www.w3.org/2001/XMLSchema-instance"
    xsi:schemaLocation="http://www.loc.gov/MARC21/slim http://www.loc.gov/standards/marcxml/schema/MARC21slim.xsd"
    xmlns="http://www.loc.gov/MARC21/slim">

  <leader>02182cam a22002891i 4500</leader>
  <controlfield tag="003">SA_RiAUC</controlfield>
  <controlfield tag="005">20240917122216.0</controlfield>
  <controlfield tag="008">240916s2004____su     g      000 0aara c</controlfield>
  <datafield tag="020" ind1=" " ind2=" ">
    <subfield code="a">9960465152</subfield>
  </datafield>
  <datafield tag="040" ind1=" " ind2=" ">
    <subfield code="a">SA-MaUQU</subfield>
    <subfield code="b">ara</subfield>
    <subfield code="c">SA-RiAUC</subfield>
    <subfield code="d">KAC</subfield>
    <subfield code="e">rda</subfield>
  </datafield>
  <datafield tag="082" ind1="0" ind2=" ">
    <subfield code="a">928.1</subfield>
  </datafield>
  <datafield tag="090" ind1=" " ind2=" ">
    <subfield code="a">928.1 </subfield>
    <subfield code="b">&#x62E; &#x64A; &#x627;</subfield>
  </datafield>
  <datafield tag="100" ind1="1" ind2=" ">
    <subfield code="a">&#x62E;&#x64A;&#x627;&#x637;&#x60C; &#x639;&#x628;&#x62F; &#x627;&#x644;&#x644;&#x647; &#x639;&#x645;&#x631; &#x639;&#x628;&#x62F; &#x627;&#x644;&#x631;&#x62D;&#x645;&#x646;&#x60C;</subfield>
    <subfield code="d">1355 &#x647;&#x62C;&#x631;&#x64A;-</subfield>
    <subfield code="e">&#x645;&#x624;&#x644;&#x641;.</subfield>
  </datafield>
  <datafield tag="245" ind1="1" ind2="0">
    <subfield code="a">&#x639;&#x628;&#x62F; &#x627;&#x644;&#x644;&#x647; &#x62E;&#x64A;&#x627;&#x637; &#x64A;&#x62A;&#x630;&#x643;&#x631; :</subfield>
    <subfield code="b">&#x644;&#x645;&#x62D;&#x627;&#x62A; &#x645;&#x646; &#x627;&#x644;&#x62A;&#x627;&#x631;&#x64A;&#x62E; &#x627;&#x644;&#x62D;&#x62F;&#x64A;&#x62B; /</subfield>
    <subfield code="c">&#x639;&#x628;&#x62F; &#x627;&#x644;&#x644;&#x647; &#x639;&#x645;&#x631; &#x639;&#x628;&#x62F; &#x627;&#x644;&#x631;&#x62D;&#x645;&#x646; &#x62E;&#x64A;&#x627;&#x637; &#x61B; &#x62A;&#x633;&#x62C;&#x64A;&#x644; &#x648;&#x625;&#x639;&#x62F;&#x627;&#x62F; &#x627;&#x644;&#x62F;&#x643;&#x62A;&#x648;&#x631; &#x62E;&#x627;&#x644;&#x62F; &#x645;&#x62D;&#x645;&#x62F; &#x628;&#x627;&#x637;&#x631;&#x641;&#x64A;.</subfield>
  </datafield>
  <datafield tag="250" ind1=" " ind2=" ">
    <subfield code="a">&#x627;&#x644;&#x637;&#x628;&#x639;&#x629; &#x627;&#x644;&#x623;&#x648;&#x644;&#x649;.</subfield>
  </datafield>
  <datafield tag="264" ind1=" " ind2="1">
    <subfield code="a">&#x62C;&#x62F;&#x629; [&#x627;&#x644;&#x633;&#x639;&#x648;&#x62F;&#x64A;&#x629;] :</subfield>
    <subfield code="b">&#x639;&#x628;&#x62F; &#x627;&#x644;&#x644;&#x647; &#x639;&#x645;&#x631; &#x62E;&#x64A;&#x627;&#x637; &#x60C;</subfield>
    <subfield code="c">[2004]</subfield>
  </datafield>
  <datafield tag="300" ind1=" " ind2=" ">
    <subfield code="a">352 &#x635;&#x641;&#x62D;&#x629; &#x61B;</subfield>
    <subfield code="c">24 &#xD7; 17 &#x633;&#x645;</subfield>
  </datafield>
  <datafield tag="336" ind1=" " ind2=" ">
    <subfield code="a">&#x646;&#x635;</subfield>
    <subfield code="b">txt</subfield>
    <subfield code="2">rdacontent</subfield>
    <subfield code="3">&#x643;&#x62A;&#x627;&#x628;</subfield>
  </datafield>
  <datafield tag="337" ind1=" " ind2=" ">
    <subfield code="a">&#x628;&#x62F;&#x648;&#x646; &#x648;&#x633;&#x64A;&#x637;</subfield>
    <subfield code="b">n</subfield>
    <subfield code="2">rdamedia</subfield>
  </datafield>
  <datafield tag="338" ind1=" " ind2=" ">
    <subfield code="a">&#x645;&#x62C;&#x644;&#x62F;</subfield>
    <subfield code="b">nc</subfield>
    <subfield code="2">rdacarrier</subfield>
  </datafield>
  <datafield tag="505" ind1="0" ind2=" ">
    <subfield code="a">&#x627;&#x644;&#x645;&#x62D;&#x62A;&#x648;&#x64A;&#x627;&#x62A; : &#x627;&#x644;&#x631;&#x64A;&#x634;&#x629; &#x62A;&#x63A;&#x644;&#x628; &#x627;&#x644;&#x625;&#x628;&#x631;&#x629;-&#x627;&#x644;&#x639;&#x631;&#x64A;&#x641; &#x642;&#x64A;&#x645;&#x629; &#x648;&#x642;&#x627;&#x645;&#x629;-&#x627;&#x644;&#x639;&#x631;&#x64A;&#x641; "&#x628;&#x64A;&#x627;&#x639; &#x62C;&#x631;&#x627;&#x64A;&#x62F;"...-&#x645;&#x62D;&#x645;&#x62F; &#x639;&#x645;&#x631; &#x62A;&#x648;&#x641;&#x64A;&#x642; &#x64A;&#x62C;&#x64A;&#x632; &#x627;&#x644;&#x62E;&#x628;&#x631;-&#x63A;&#x636;&#x628;&#x629; &#x627;&#x644;&#x639;&#x631;&#x64A;&#x641;-&#x635;&#x627;&#x641;&#x64A; &#x64A;&#x627; &#x644;&#x628;&#x646; &#x645;&#x639; &#x627;&#x644;&#x639;&#x631;&#x64A;&#x641;...-&#x634;&#x646;&#x637;&#x62A;&#x64A; &#x648;&#x625;&#x633;&#x637;&#x648;&#x627;&#x646;&#x629; &#x627;&#x644;&#x62C;&#x641;&#x631;&#x64A;-&#x641;&#x64A; &#x643;&#x644; &#x628;&#x64A;&#x62A; &#x641;&#x646;&#x627;&#x646;-&#x634;&#x62D;&#x627;&#x62A;&#x629; &#x648;&#x62A;&#x648;&#x641;&#x64A;&#x642; &#x64A;&#x646;&#x627;&#x641;&#x633;&#x627;&#x646; &#x641;&#x631;&#x64A;&#x62F; &#x627;&#x644;&#x623;&#x637;&#x631;&#x634;-&#x631;&#x62C;&#x627;&#x644;&#x646;&#x627; &#x627;&#x644;&#x639;&#x638;&#x627;&#x645;...&#x648;&#x627;&#x644;&#x635;&#x628;&#x627;&#x646;-&#x627;&#x644;&#x635;&#x628;&#x627;&#x646; &#x643;&#x627;&#x646; &#x64A;&#x647;&#x628; &#x645;&#x627; &#x644;&#x627; &#x64A;&#x645;&#x644;&#x643;...-&#x62F;&#x648;&#x631; &#x627;&#x644;&#x648;&#x62C;&#x647;&#x627;&#x621;-&#x645;&#x62C;&#x627;&#x644;&#x633; &#x627;&#x644;&#x636;&#x64A;&#x648;&#x641;-&#x628;&#x64A;&#x648;&#x62A; &#x645;&#x641;&#x62A;&#x648;&#x62D;&#x629; &#x639;&#x644;&#x649; &#x645;&#x62F;&#x627;&#x631; &#x627;&#x644;&#x639;&#x627;&#x645;-&#x627;&#x644;&#x628;&#x644;&#x648;&#x62A;..&#x633;&#x64A;&#x62F; &#x627;&#x644;&#x62A;&#x631;&#x641;&#x64A;&#x647;-&#x627;&#x644;&#x625;&#x636;&#x627;&#x621;&#x629; &#x628;&#x64A;&#x646; &#x627;&#x644;&#x623;&#x62A;&#x627;&#x631;&#x64A;&#x643; &#x648;&#x627;&#x644;&#x645;&#x648;&#x627;&#x62A;&#x64A;&#x631;...-&#x634;&#x631;&#x643;&#x627;&#x62A; &#x627;&#x644;&#x646;&#x642;&#x644;..&#x623;&#x643;&#x62B;&#x631;&#x647;&#x627; &#x644;&#x644;&#x62D;&#x62C;&#x627;&#x62C;-&#x632;&#x628;&#x62F;&#x64A;&#x629; &#x627;&#x644;&#x644;&#x628;&#x646;..&#x627;&#x644;&#x632;&#x628;&#x62F;&#x629; &#x628;&#x642;&#x631;&#x634;-&#x623;&#x647;&#x644; &#x645;&#x643;&#x629; &#x644;&#x627; &#x64A;&#x633;&#x628;&#x62D;&#x648;&#x646;...-&#x647;&#x631;&#x628;&#x62A; &#x645;&#x642;&#x627;&#x644; &#x627;&#x644;&#x631;&#x62F; &#x645;&#x639; &#x627;&#x644;&#x625;&#x62B;&#x628;&#x627;&#x62A;-&#x62A;&#x622;&#x645;&#x631;&#x62A; &#x645;&#x639; &#x637;&#x644;&#x627;&#x644; &#x648;&#x645;&#x62D;&#x645;&#x62F; &#x639;&#x628;&#x62F;&#x647; ... &#x648;&#x645;&#x648;&#x636;&#x648;&#x639;&#x627;&#x62A; &#x623;&#x62E;&#x631;&#x649;.</subfield>
  </datafield>
  <datafield tag="600" ind1="1" ind2="7">
    <subfield code="a">&#x62E;&#x64A;&#x627;&#x637;&#x60C; &#x639;&#x628;&#x62F; &#x627;&#x644;&#x644;&#x647; &#x639;&#x645;&#x631; &#x639;&#x628;&#x62F; &#x627;&#x644;&#x631;&#x62D;&#x645;&#x646;&#x60C;</subfield>
    <subfield code="d">1355 &#x647;&#x62C;&#x631;&#x64A;-</subfield>
    <subfield code="v">&#x64A;&#x648;&#x645;&#x64A;&#x627;&#x62A;</subfield>
    <subfield code="2">aucnm</subfield>
  </datafield>
  <datafield tag="650" ind1=" " ind2="7">
    <subfield code="a">&#x627;&#x644;&#x623;&#x62F;&#x628;&#x627;&#x621; &#x627;&#x644;&#x633;&#x639;&#x648;&#x62F;&#x64A;&#x648;&#x646;</subfield>
    <subfield code="v">&#x62A;&#x631;&#x627;&#x62C;&#x645;</subfield>
    <subfield code="2">aucsh</subfield>
  </datafield>
  <datafield tag="700" ind1="1" ind2=" ">
    <subfield code="a">&#x628;&#x627;&#x637;&#x631;&#x641;&#x64A;&#x60C; &#x62E;&#x627;&#x644;&#x62F; &#x645;&#x62D;&#x645;&#x62F; &#x639;&#x644;&#x64A;&#x60C;</subfield>
    <subfield code="d">1380 &#x647;&#x62C;&#x631;&#x64A;-</subfield>
    <subfield code="e">&#x645;&#x639;&#x62F;.</subfield>
  </datafield>
  <datafield tag="942" ind1=" " ind2=" ">
    <subfield code="2">ddc</subfield>
    <subfield code="c">BOOK</subfield>
  </datafield>
  <datafield tag="949" ind1=" " ind2=" ">
    <subfield code="a">SA-JeALM</subfield>
    <subfield code="d">240916</subfield>
    <subfield code="u">mohamedma123</subfield>
    <subfield code="n">1</subfield>
  </datafield>
  <datafield tag="952" ind1=" " ind2=" ">
    <subfield code="0">0</subfield>
    <subfield code="1">0</subfield>
    <subfield code="2">ddc</subfield>
    <subfield code="4">0</subfield>
    <subfield code="7">0</subfield>
    <subfield code="a">WAHAB</subfield>
    <subfield code="b">WAHAB</subfield>
    <subfield code="d">2024-09-17</subfield>
    <subfield code="l">0</subfield>
    <subfield code="o">928.1 &#x62E; &#x64A; &#x627;</subfield>
    <subfield code="p">000000408</subfield>
    <subfield code="r">2024-09-17 12:22:47</subfield>
    <subfield code="w">2024-09-17</subfield>
    <subfield code="y">BOOK</subfield>
  </datafield>
  <datafield tag="999" ind1=" " ind2=" ">
    <subfield code="c">367</subfield>
    <subfield code="d">367</subfield>
  </datafield>
</record>
